| 000 | 00530nam a2200181Ia 4500 | ||
|---|---|---|---|
| 008 | 100920s9999 xx 000 0 und d | ||
| 082 |
_b104287 _a891.43 न 08 |
||
| 100 | _aग्रोवर तेजी. | ||
| 245 | _aमैत्री. | ||
| 260 |
_bसुर्य प्रकाशन , बीकानेर. _c2008 |
||
| 300 |
_a96 _bसाधी |
||
| 365 | _b125 | ||
| 520 | _aहिंदी. | ||
| 630 | _aमैत्री. | ||
| 650 | _aहिंदी. | ||
| 730 | _aमैत्री. | ||
| 942 | _cBOOK | ||
| 999 |
_c744719 _d744716 |
||